000
00284nam a22001337a 4500
008
181019b xxu||||| |||| 00| 0 eng d
020
_a
9780314156334
041
_a
eng
080
_a
340
100
_a
15
101
_a
SHJ
245
_a
Legal Ethics
_c
Morgan,Th.D
942
_2
udc
_c
BK
999
_c
50258
_d
50258